书目信息 |
| 题名: |
数学小辞典
|
|
| 作者: | 王文才 , 施桂芬 编 | |
| 分册: | ||
| 出版信息: | 北京 科学技术文献出版社 1983 |
|
| 页数: | 319页 | |
| 开本: | 19cm | |
| 丛书名: | ||
| 单 册: | ||
| 中图分类: | O1-61 | |
| 科图分类: | ||
| 主题词: | 数学--词典 | |
| 电子资源: | ||
| ISBN: | ||
| 000 | 00666nam0 2200241 45 | |
| 001 | 0183011899 | |
| 005 | 20060508103507.29 | |
| 010 | @dCNY1.40 | |
| 091 | @a13176.155 | |
| 100 | @a19950706d1983 em y0chiy0121 ea | |
| 101 | 0 | @achi |
| 102 | @aCN@b110000 | |
| 105 | @ay e 000yy | |
| 200 | 10 | @a数学小辞典@Ashu xue xiao ci dian@f王文才,施桂芬编@Fwang wen cai,shi gui fen bian |
| 210 | @a北京@c科学技术文献出版社@d1983 | |
| 215 | @a319页@d19cm | |
| 606 | @a数学@x词典 | |
| 690 | @aO1-61@v3 | |
| 701 | 0 | @a王文才@Awang wen cai@4编 |
| 701 | 0 | @a施桂芬@Ashi gui fen@4编 |
| 801 | 2 | @aCN@bNLC@c20060508 |
| 801 | 0 | @aCN@b上海图书馆@c20040521 |
| 905 | @dO1-61@e104 | |
| 数学小辞典/王文才,施桂芬编.-北京:科学技术文献出版社,1983 |
| 319页;19cm |
| ISBN :CNY1.40 |
| ● |
| 相关链接 |
|
|
|
|
正题名:数学小辞典
索取号:O1-61/104
 
预约/预借
| 序号 | 登录号 | 条形码 | 馆藏地/架位号 | 状态 | 备注 |
| 1 | 0088924 | 202293008 | 密集书库/ [索取号:O1-61/104] | 在馆 | |
| 2 | 0088925 | 202292964 | 密集书库/ [索取号:O1-61/104] | 在馆 | |
| 3 | 0088926 | 202292973 | 密集书库/ [索取号:O1-61/104] | 在馆 | |
| 4 | 0088927 | 000555688 | 第二样本阅览室/ [索取号:O1-61/104] | 在馆 | |
| 5 | 0088928 | 202292928 | 密集书库/ [索取号:O1-61/104] | 在馆 | |
| 6 | 0088930 | 001246921 | 密集书库/ [索取号:O1-61/104] | 在馆 | |
| 7 | 0088931 | 001962184 | 密集书库/ [索取号:O1-61/104] | 在馆 | |
| 8 | 0088932 | 001246949 | 第三借阅区/ [索取号:O1-61/104] | 在馆 | |
| 9 | 0088933 | 202293017 | 密集书库/ [索取号:O1-61/104] | 在馆 |